000 02563cam a22003254a 4500
999 _c9242
_d9242
001 15506326
003 GBCCL
005 20241126110708.0
008 081031s2009 miu b 001 0 eng
010 _a 2008046647
020 _a9780801036361 (pbk.)
020 _a0801036364 (pbk.)
035 _a(OCoLC)ocn263988426
040 _aDLC
_cDLC
_dBTCTA
_dYDXCP
_dC#P
_dBWX
_dIOT
_dCDX
_dSGB
_dDLC
050 0 0 _aBS680.E84
_bK35 2009
082 0 0 _a241
_222
_bKAI
100 1 _aKaiser, Walter C.,
_cJr.
_q(Walter Christian),
_d1933-
_91431
245 1 0 _aWhat does the Lord require? :
_ba guide for preaching and teaching Biblical ethics /
_cWalter C. Kaiser, Jr.
260 _aGrand Rapids, Mich. :
_bBaker Academic,
_cc2009.
300 _a256 p. ;
_c22 cm.
504 _aIncludes bibliographical references (p. 231-239) and indexes.
505 0 _aThe poor, oppressed, and orphans (Isaiah 58) -- Racism and human rights (Genesis 9:18-27 ; James 2:1-13, 25-26) -- Gambling and greed (Matthew 6:19-34) -- Media, entertainment, and pornography (Philippians 4:4-9) -- Adultery (Proverbs 5:15-23) -- Cohabitation and fornication (1 Thessalonians 4:1-8) -- Divorce (Malachi 2:10-16) -- Abortion and stem cell research (Psalm 139:13-18 ; Exodus 21:22-25) -- Homosexuality (Romans 1:24-27) -- Crime and capital punishment (Genesis 9:5-6 ; John 8:1-11) -- Suicide, infanticide, and euthanasia (Job 14:1-6) -- Genetic engineering and artificial reproduction (Genesis 1:26-30 ; 2:15-25) -- Alcoholism and drugs (Proverbs 23:29-35) -- Civil disobedience (Acts 4:1-22) -- War and peace (Romans 13:1-7) -- Wealth, possessions, and economics (Deuteronomy 8:1-20) -- Animan "rights" and factory farms (Isaiah 11:6-9 ; 65:25) -- Care for the environment (Psalm 8:1-9).
520 _aWalter Kaiser connects eighteen key teaching Scriptures to eighteen tough ethical issues, including, for example, poverty with Isaiah 58, genetic engineering with Genesis 1:26-30 and 2:15-25, substance abuse with Proverbs 23:29-35, cohabitation with 1 Thessalonians 4:1-8, and war with Deuteronomy 20:1-20 and Romans 13:1-7. --from publisher description
650 0 _aEthics in the Bible
_xStudy and teaching.
_916069
650 0 _aChristian ethics
_xBiblical teaching
_xStudy and teaching.
_916070
650 0 _aPreaching.
_9404
906 _a7
_bcbc
_corignew
_d1
_eecip
_f20
_gy-gencatlg
942 _2ddc
_cBK
_016